| 000 | 01389cam a2200349 a 4500 | ||
|---|---|---|---|
| 001 | EDZ0000072219 | ||
| 003 | StDuBDS | ||
| 005 | 20161031105146.0 | ||
| 006 | m||||||||d|||||||| | ||
| 007 | cr ||||||||||| | ||
| 008 | 120412s2006 enka fo| 001|0|eng d | ||
| 020 |
_a9781446213537 (ebook) : _cNo price |
||
| 040 |
_aStDuBDS _beng _cStDuBDS _epn |
||
| 049 | _aAlfaisal Main Library | ||
| 050 | 0 |
_aLB2805 _b.M2747 2006 |
|
| 082 | 0 | 4 |
_a371.2 _223 |
| 245 | 0 | 0 |
_aManaging the business of schools _h[electronic resource] / _cedited by Iris Keating and Ray Moorcroft. |
| 260 |
_aLondon : _bPaul Chapman, _c2006. |
||
| 300 |
_a1 online resource (xxv, 230 p.) : _bill. |
||
| 520 | 8 | _aWritten by experienced consultants, this book explores the key themes surrounding the role of the school business manager, and offers guidance for dealing with the practical issues of the job. | |
| 521 | _aSpecialized. | ||
| 588 | _aDescription based on print version record. | ||
| 504 | _aIncludes bibliographical references and index. | ||
| 650 | 0 | _aSchool management and organization. | |
| 655 | 7 |
_aElectronic books. _2local |
|
| 700 | 1 | _aKeating, Iris. | |
| 700 | 1 | _aMoorcroft, Ray. | |
| 710 | 2 | _aSage eBooks | |
| 776 | 0 | 8 |
_iPrint version : _z9781412921176 |
| 856 | 4 | 0 | _uhttp://ezproxy.alfaisal.edu/login?url=http://sk.sagepub.com/books/managing-the-business-of-schools |
| 942 |
_2lcc _cEBOOKS |
||
| 999 |
_c480593 _d480593 |
||